| 000 | 00693nam a2200241Ia 4500 | ||
|---|---|---|---|
| 003 | OSt | ||
| 005 | 20220918222500.0 | ||
| 006 | a|||||r|||| 00| 0 | ||
| 007 | ta | ||
| 008 | 220917b |||||||| |||| 00| 0 eng d | ||
| 024 | _a217,037 | ||
| 037 | _cTextual | ||
| 040 |
_aARTS _cARTS _beng |
||
| 041 |
_2eng _aeng |
||
| 082 | _aX:87:(Y:1)g, P0 | ||
| 100 |
_aAshkanasy Neal M ...(et...al) Ed. _9143277 |
||
| 245 | 0 | _aHandbook of organizational culture and climate | |
| 260 |
_aThousand _bOaks Sage Pub. _c2000 |
||
| 300 |
_axxxiii, 629p _ccm. |
||
| 650 | _aECONOMICS | ||
| 942 |
_hX:87:(Y:1)g, P0 _cTEXL _2CC |
||
| 999 |
_c275661 _d275661 |
||